| 000 | 00759nam a22002177a 4500 | ||
|---|---|---|---|
| 999 |
_c2304 _d2304 |
||
| 003 | AR-CdUCM | ||
| 008 | 190304b ||||| |||| 00| 0 spa d | ||
| 040 |
_aMUNICIPALIDAD PROVINCIAL DEL CUSCO _cBIBLIOTECA MUNICIPAL DEL CUSCO |
||
| 041 | _hit. | ||
| 082 |
_a398 / _bC79 |
||
| 100 |
_aCorso, Raffaele _98319 |
||
| 245 | _aEl folklore / | ||
| 260 |
_aBuenos Aires : _bEdit. Universitaria de Buenos Aires, _c1966. |
||
| 300 |
_a180 paginas ; _c22 cm. |
||
| 505 | _aContenido :Los precursores --El nombre --La definición --El método --Las escuelas --Las teorías mas recientes ... | ||
| 650 |
_aFolklore _91081 |
||
| 700 |
_aMyrtha Roquette (traductor) _98320 |
||
| 700 |
_aJorge Fernandez Chiti (traductor) _98321 |
||
| 942 |
_2ddc _cLIBROS |
||
| 945 | _arjall | ||